| 000 | 00467nam a2200229Ia 4500 | ||
|---|---|---|---|
| 001 | 072349 | ||
| 003 | YMCAF | ||
| 005 | 20230512160758.0 | ||
| 008 | 100717s9999 ||||||||||||||||| ||und|d | ||
| 020 | _a- | ||
| 024 | _a72349 | ||
| 035 | _a11812 | ||
| 040 |
_aYMCAF _beng _cIN-KoLT |
||
| 041 | _aeng | ||
| 082 |
_a629.831 _b2 NAG |
||
| 100 | _aNAGRATH | ||
| 245 | 0 | _aCONTROL SYSTEMS ENGINEERING | |
| 250 | _a- | ||
| 653 | _a- | ||
| 653 | _a- | ||
| 942 |
_2ddc _cBK |
||
| 999 |
_c6346 _d6346 |
||